[Event "Groningen Festival 2018"]
[Site "Groningen"]
[Date "2018.12.30"]
[Round "9"]
[White "Vrolijk, Liam"]
[Black "Pruijssers, Roeland"]
[Result "1-0"]
[WhiteElo "2440"]
[BlackElo "2520"]
[Annotator "TA"]
[PlyCount "221"]
[EventDate "2018.12.22"]
[EventType "swiss"]
[EventCountry "NED"]
[SourceTitle "playchess.com"]
[Source "ChessBase"]
[SourceQuality "1"]

{[%evp 9,220,20,22,19,25,13,24,23,37,25,36,-6,-8,-60,-18,-25,-11,-35,-17,-25,-1,0,10,0,18,0,18,17,8,0,8,7,12,15,16,10,10,2,3,0,17,5,27,0,0,-12,4,0,42,39,35,26,78,79,83,65,96,96,89,96,80,90,133,153,150,132,125,112,187,209,201,187,210,191,192,152,216,205,197,207,197,204,265,265,241,242,316,320,318,318,360,341,347,260,258,253,293,291,283,282,261,271,264,264,250,247,303,302,302,302,302,302,302,302,319,111,202,205,206,204,203,192,211,211,198,113,129,0,152,147,173,173,170,165,207,164,162,155,173,151,151,148,151,71,98,0,146,133,139,139,148,148,141,135,164,164,159,158,185,185,204,204,242,233,277,276,264,347,347,347,354,358,512,495,481,476,452,453,393,343,333,365,337,329,294,202,417,413,288,318,404,391,408,380,364,321,775,592,564,418,406,397,1195,1211,1752,662,29978,29979,29985,29986,29987,29988,29999]} 1. Nf3 f5 2. d3 Nc6 3. d4 e6 4. g3 Nf6 5. Bg2 g6 $146 {LiveBook: 3 Games} ({Predecessor:} 5... Be7 6. O-O O-O 7. b3 a5 8. a3 a4 9. b4 d5 10. c4 dxc4 {0-1 (33) Gledura,B (2557)-Bartel,M (2653) Katowice 2016}) 6. O-O {A04: Unusual lines after 1 Nf3 and King's Indian Attack} Bg7 7. c4 Qe7 8. d5 {White has an edge.} Nd8 {[%cal Bc6d8,Bd8e6,Be6c5][%mdl 32]} 9. Nc3 O-O 10. Nb5 d6 11. dxe6 (11. Nc3 $11) 11... Nxe6 12. Nc3 Ne4 13. Nxe4 fxe4 14. Ne1 $1 {[%cal Bf3e1,Be1c2,Bc2e3][%mdl 32]} Nc5 15. Rb1 a5 16. Nc2 Be6 17. b3 Rae8 18. Ne3 b6 19. Qd2 Qd7 20. Bb2 Bxb2 21. Qxb2 Bh3 22. Rbd1 Rf7 23. Qd4 Bxg2 24. Kxg2 Qe6 25. Qd5 Qc8 26. Qg5 Re5 27. Qg4 Qf8 28. Rd5 Qe8 29. h4 Rxd5 30. Nxd5 Qe6 (30... c6 $11 {keeps the balance.} 31. Nxb6 Rf5) 31. Qg5 {Strongly threatening Nxc7!} Kg7 32. h5 h6 33. Qxg6+ Qxg6 34. hxg6 Kxg6 $16 {[%mdl 4096] Endgame KRN-KRN} 35. Rh1 Ne6 36. Rh4 Ng5 37. Nc3 Re7 38. Rf4 Kg7 (38... Rf7 $16) 39. Nd5 $18 Rd7 40. g4 Kg6 41. Kg3 Kg7 42. Kh2 Kg6 (42... a4 $16 43. bxa4 Rd8 44. Nxc7 Rc8) 43. Kg2 c6 44. Nxb6 Rb7 45. Na4 d5 46. cxd5 cxd5 47. Rf5 Rc7 48. Rxd5 Rc2 49. e3 ({Resist} 49. Rxa5 e3 $18) 49... Rxa2 50. Rxa5 Nf3 51. Rd5 Ra1 52. Kg3 $1 Ng5 {Black hopes to continue with ...Rg1+.} 53. Rd6+ Kg7 54. Nc5 Rg1+ 55. Kf4 Nh3+ 56. Kxe4 Nxf2+ 57. Kf5 $1 Rxg4 58. Ne6+ $1 Kf7 59. Rd7+ Ke8 60. Rd2 Rg2 61. b4 Ng4 {[#]} 62. Rd3 $2 ({Not} 62. Rxg2 Nxe3+ 63. Ke5 Nxg2 $16) (62. Nc7+ $1 $18 {and the rest is easy.} Kf7 63. Rd7+ (63. Rxg2 Nxe3+ 64. Ke5 Nxg2 $16) 63... Kf8 64. Nd5) 62... h5 {[#]} (62... Ke7 $16 {is a better defense.} 63. Rb3 h5) 63. Ng7+ $1 Ke7 {Hoping for ...Nh6+.} 64. Nxh5 Nh6+ 65. Ke4 Rb2 66. Rd4 Nf7 67. Ng3 (67. Nf4 $18) 67... Ke6 $16 68. Nh5 ({White should play} 68. Nf1 $16) 68... Nd6+ $2 (68... Ke7 $1 $11) 69. Kf3 Rb3 70. Nf4+ Kd7 71. Nd3 Kc6 72. Kf4 Nb5 73. Rc4+ Kd6 74. Nf2 Rb1 75. Ne4+ Ke7 76. Ke5 (76. Kf3 $142) 76... Rb3 77. Kf4 Rb1 $1 78. Nc5 Nd6 79. Rd4 Rf1+ 80. Kg4 Rb1 81. Kf3 Rb2 82. Nd3 Rb3 83. Ke2 Ra3 84. e4 Nb5 85. Rc4 Nd6 86. Rc5 Rb3 87. Ke3 Rb1 88. Rc1 Rb3 89. Kd4 Ra3 90. Nf4 Ra2 (90... Kd8 $142 91. e5 Nf5+ 92. Ke4 Ne7 93. Rd1+ Ke8) 91. e5 $18 {Black must now prevent Rc7+.} Nf5+ 92. Ke4 Ng3+ 93. Kd5 Rd2+ 94. Kc4 Nf5 {intending ...Rd4+.} 95. Nd3 Ne3+ 96. Kc3 Rh2 97. Ra1 Rc2+ $2 (97... Rh4 {was worth a try.} 98. Ra7+ Ke8) 98. Kd4 Nf5+ 99. Ke4 Ng3+ 100. Kd5 Rd2 101. Ra7+ Kd8 102. Kc4 Nf5 $2 (102... Rc2+ 103. Kb3 Rd2) 103. b5 Rc2+ 104. Kb4 Ne7 105. Kb3 Rc8 $2 (105... Rh2 106. Ra6 Kc8) 106. e6 Ke8 107. Ne5 (107. Nb4 $142 Nf5 108. Nd5 Nd4+ 109. Kb4 Nxe6 110. Re7+ Kf8 111. Rxe6) 107... Nd5 108. Nc6 {White mates.} Nb6 109. Rb7 Nd5 110. Rh7 {[%cal Rh7h8]} Nc7 111. Rh8# {Precision: White = 67%, Black = 42%.} 1-0

[Event "Groningen Festival 2018"]
[Site "Groningen"]
[Date "2018.12.30"]
[Round "9"]
[White "Schoppen, Casper"]
[Black "Tiviakov, Sergei"]
[Result "1/2-1/2"]
[WhiteElo "2431"]
[BlackElo "2613"]
[Annotator "TA"]
[PlyCount "34"]
[EventDate "2018.12.22"]
[EventType "swiss"]
[EventCountry "NED"]
[SourceTitle "playchess.com"]
[Source "ChessBase"]
[SourceQuality "1"]

{[%evp 18,20,66,31,43]} 1. e4 e6 2. d4 d5 3. Nc3 dxe4 4. Nxe4 Nd7 5. Nf3 Ngf6 6. Nxf6+ Nxf6 7. Bd3 Be7 8. Qe2 O-O 9. Bg5 Nd5 10. Bd2 {LiveBook: 3 Games. C10: French with 3 Nc3: Unusual Black 3rd moves and 3...dxe4} (10. h4 Nb4 11. Bc4 f6 12. Be3 Rb8 13. a3 Nd5 14. O-O Bd6 15. Bd3 c6 16. c4 Ne7 17. Bd2 b6 {½-½ (57) Khegay,D (2478)-Saveliev,A (2379) Moscow 2017}) 10... Qd6 {Predecessor:} 11. O-O $146 Nf4 12. Bxf4 Qxf4 13. c3 Bd6 14. Rfe1 c5 15. Rad1 b6 16. g3 Qg4 17. h3 Qh5 {1-0 (31) Oadeoiiia,A-Aiaaeaiia,N corr 1997} 1/2-1/2

[Event "Groningen Festival 2018"]
[Site "Groningen"]
[Date "2018.12.30"]
[Round "9"]
[White "Kislinsky, Alexey"]
[Black "Baum, Bernd"]
[Result "1-0"]
[WhiteElo "2425"]
[BlackElo "2252"]
[Annotator "TA"]
[PlyCount "41"]
[EventDate "2018.12.22"]
[EventType "swiss"]
[EventCountry "NED"]
[SourceTitle "playchess.com"]
[Source "ChessBase"]
[SourceQuality "1"]

{[%evp 16,41,5,0,10,4,14,14,25,5,38,28,35,33,54,54,135,139,121,120,132,115,180,147,937,951,929,942]} 1. e4 e6 2. d4 d5 3. Nd2 c5 4. Ngf3 Nc6 5. c3 cxd4 6. cxd4 dxe4 7. Nxe4 Bb4+ {C07: French Tarrasch: 3...c5, 4 Ngf3 and 4 exd5 Qxd5} 8. Nc3 Nf6 9. Bd3 {LiveBook: 38 Games} h6 {The position is equal.} (9... O-O 10. O-O Be7 11. a3 b6 12. Be3 Bb7 13. Qe2 Rc8 14. Rad1 Rc7 15. h3 Rd7 16. Bb5 Nd5 17. Nxd5 Rxd5 18. Rc1 Qa8 19. Bd3 Rd7 20. Rfd1 {½-½ (56) Zvjaginsev,V (2648)-Fedoseev,V (2674) Kaliningrad 2015}) 10. O-O {[%cal Bh1f1,Bf1e1,Be1e5,Be5e4][%mdl 32]} O-O 11. a3 Be7 12. Bc2 Qa5 $146 ({Predecessor:} 12... Re8 13. Bf4 a6 14. Qd3 Bf8 15. Rad1 {1-0 (27) Kosintseva,N (2482)-Xu,Y (2485) Sochi 2009}) 13. Re1 Rd8 14. Bf4 Bd6 15. b4 {[%cal Bb2b4,Bb4b5][%mdl 32]} Qh5 ({Black should try} 15... Qb6 $1 $14 16. Be3 Qc7) 16. Bxd6 $16 Rxd6 17. b5 $36 {[%mdl 2048] White is in control.} Ne7 18. Re5 g5 (18... Nf5 $16) 19. Ne2 Nd7 $2 {[%mdl 8192] [#]} (19... Nf5 $16 20. Bxf5 exf5) 20. Ng3 $18 Qg4 21. Re4 {Accuracy: White = 76%, Black =  4%.} 1-0

[Event "Groningen Festival 2018"]
[Site "Groningen"]
[Date "2018.12.30"]
[Round "9"]
[White "Lahaye, Rick"]
[Black "Jedlicka, Ales"]
[Result "1-0"]
[WhiteElo "2404"]
[BlackElo "2226"]
[Annotator "NA"]
[PlyCount "113"]
[EventDate "2018.12.22"]
[EventType "swiss"]
[EventCountry "NED"]
[SourceTitle "playchess.com"]
[Source "ChessBase"]
[SourceQuality "1"]
[TimeControl "40/5400+30:1800+30"]

1. g3 {[%emt 0:00:00]} Nf6 {[%emt 0:00:01]} 2. Bg2 {[%emt 0:00:00]} c5 {[%emt 0:01:01]} 3. d3 {[%emt 0:00:45]} g6 {[%emt 0:00:28]} 4. c4 {[%emt 0:00:31]} Bg7 {[%emt 0:00:29]} 5. Nc3 {[%emt 0:00:18]} O-O {[%emt 0:00:23]} 6. e3 {[%emt 0:00:49]} Nc6 {[%emt 0:00:40]} 7. Nge2 {[%emt 0:00:07]} d6 {[%emt 0:00:39]} 8. O-O {[%emt 0:00:26]} a6 {[%emt 0:03:43]} 9. h3 {[%emt 0:04:20]} e5 {[%emt 0:01:18]} 10. d4 {[%emt 0:04:54]} Rb8 {[%emt 0:04:46]} 11. dxc5 {[%emt 0:19:40]} dxc5 {[%emt 0:00:40]} 12. b3 {[%emt 0:02:26]} Bf5 {[%emt 0:04:41]} 13. Ba3 {[%emt 0:05:47]} Qa5 {[%emt 0:03:00]} 14. Bb2 {[%emt 0:08:17]} Rfd8 {[%emt 0:00:52]} 15. Nd5 {[%emt 0:00:08]} Nxd5 {[%emt 0:04:57]} 16. cxd5 {[%emt 0:00:19]} b5 {[%emt 0:05:47]} 17. a3 {[%emt 0:16:33]} Qb6 {[%emt 0:03:08]} 18. Rc1 {[%emt 0:04:41]} Na5 {[%emt 0:01:05]} 19. e4 {[%emt 0:08:20]} Bd7 {[%emt 0:00:49]} 20. Bc3 {[%emt 0:04:12]} Rbc8 {[%emt 0:04:29]} 21. Bd2 {[%emt 0:01:59]} c4 {[%emt 0:03:45]} 22. Be3 {[%emt 0:00:10]} Qd6 {[%emt 0:02:10]} 23. b4 {[%emt 0:00:30]} Nb3 {[%emt 0:00:17]} 24. Rb1 {[%emt 0:00:50]} a5 {[%emt 0:00:57]} 25. Nc1 {[%emt 0:08:30]} axb4 {[%emt 0:02:14]} 26. axb4 {[%emt 0:03:19]} Nd4 {[%emt 0:05:19]} 27. Ne2 {[%emt 0:00:15]} c3 {[%emt 0:01:58]} 28. Qd3 {[%emt 0:03:02]} c2 {[%emt 0:03:24]} 29. Rb2 {[%emt 0:00:09]} Rc4 {[%emt 0:01:16]} 30. Nxd4 {[%emt 0:01:56]} exd4 {[%emt 0:01:41]} 31. Bf4 {[%emt 0:00:37]} Qf8 {[%emt 0:08:47]} 32. Rxc2 {[%emt 0:01:15]} Qxb4 {[%emt 0:00:32]} 33. Bd2 {[%emt 0:00:26]} Qc5 {[%emt 0:03:19]} 34. Rb2 {[%emt 0:00:10]} Rc8 {[%emt 0:00:48]} 35. Rfb1 {[%emt 0:00:34]} Rc3 {[%emt 0:01:41]} 36. Qf1 {[%emt 0:00:29]} Qa3 {[%emt 0:06:53]} 37. Qd1 {[%emt 0:00:28]} R3c4 {[%emt 0:03:28]} 38. Bf1 {[%emt 0:00:13]} Qd6 {[%emt 0:02:40]} 39. Qe1 {[%emt 0:01:17]} Re8 {[%emt 0:06:11]} 40. Bf4 {[%emt 0:00:40]} Be5 {[%emt 0:03:55]} 41. Bd2 {[%emt 0:04:58]} Qc5 {[%emt 0:04:49]} 42. Bd3 {[%emt 0:03:38]} f5 {[%emt 0:02:28]} 43. Bb4 {[%emt 0:01:26]} Qc7 {[%emt 0:02:56]} 44. exf5 {[%emt 0:11:15]} Bxg3 {[%emt 0:02:12]} 45. Re2 {[%emt 0:00:16]} Rxe2 {[%emt 0:05:15]} 46. Qxe2 {[%emt 0:00:15]} Rc1+ {[%emt 0:01:36]} 47. Rxc1 {[%emt 0:00:36]} Qxc1+ {[%emt 0:00:10]} 48. Kg2 {[%emt 0:00:04]} Bh4 {[%emt 0:01:40]} 49. Qe5 {[%emt 0:05:27]} Qg5+ {[%emt 0:02:13]} 50. Kh2 {[%emt 0:00:29]} gxf5 {[%emt 0:03:28]} 51. Qxd4 {[%emt 0:02:38]} Qf6 {[%emt 0:02:26]} 52. Qf4 {[%emt 0:00:12]} Bg5 {[%emt 0:02:04]} 53. Qb8+ {[%emt 0:00:50]} Kf7 {[%emt 0:02:41]} 54. Bd6 {[%emt 0:01:22]} Qd4 {[%emt 0:01:25]} 55. Qf8+ {[%emt 0:00:21]} Kg6 {[%emt 0:00:07]} 56. Bxf5+ {[%emt 0:01:26]} Bxf5 {[%emt 0:01:06]} 57. Qe8+ {[%emt 0:00:06]} 1-0

[Event "Groningen Festival 2018"]
[Site "Groningen"]
[Date "2018.12.30"]
[Round "9"]
[White "Kollen, Zyon"]
[Black "Kabos, Tobias"]
[Result "1/2-1/2"]
[WhiteElo "2363"]
[BlackElo "2299"]
[Annotator "NA"]
[PlyCount "40"]
[EventDate "2018.12.22"]
[EventType "swiss"]
[EventCountry "NED"]
[SourceTitle "playchess.com"]
[Source "ChessBase"]
[SourceQuality "1"]
[TimeControl "40/5400+30:1800+30"]

1. e4 {[%emt 0:00:00]} c5 {[%emt 0:00:00]} 2. Nf3 {[%emt 0:00:00]} d6 {[%emt 0:00:00]} 3. d4 {[%emt 0:00:02]} cxd4 {[%emt 0:00:03]} 4. Nxd4 {[%emt 0:00:05]} Nf6 {[%emt 0:00:11]} 5. Nc3 {[%emt 0:00:07]} a6 {[%emt 0:00:12]} 6. Be3 {[%emt 0:00:12]} e5 {[%emt 0:00:36]} 7. Nb3 {[%emt 0:00:08]} Be6 {[%emt 0:00:42]} 8. f3 {[%emt 0:00:07]} Nbd7 {[%emt 0:00:36]} 9. Qd2 {[%emt 0:00:10]} b5 {[%emt 0:00:48]} 10. a4 {[%emt 0:01:50]} b4 {[%emt 0:03:49]} 11. Nd5 {[%emt 0:00:16]} Bxd5 {[%emt 0:00:29]} 12. exd5 {[%emt 0:00:06]} Nb6 {[%emt 0:00:19]} 13. Bxb6 {[%emt 0:00:08]} Qxb6 {[%emt 0:00:07]} 14. a5 {[%emt 0:00:09]} Qb7 {[%emt 0:00:20]} 15. Bc4 {[%emt 0:00:14]} g6 {[%emt 0:03:11]} 16. Ra4 {[%emt 0:00:25]} Rb8 {[%emt 0:00:26]} 17. Qd3 {[%emt 0:04:39]} Ra8 {[%emt 0:01:48]} 18. Qd2 {[%emt 0:05:25]} Rb8 {[%emt 0:00:14]} 19. Qd3 {[%emt 0:00:12]} Ra8 {[%emt 0:00:11]} 20. Qd2 {[%emt 0:00:10]} Rb8 {[%emt 0:00:10]} 1/2-1/2

[Event "Groningen Festival 2018"]
[Site "Groningen"]
[Date "2018.12.30"]
[Round "9"]
[White "Maris, Ivo"]
[Black "Krasenkova, Ilena"]
[Result "1-0"]
[WhiteElo "2351"]
[BlackElo "2144"]
[Annotator "NA"]
[PlyCount "83"]
[EventDate "2018.12.22"]
[EventType "swiss"]
[EventCountry "NED"]
[SourceTitle "playchess.com"]
[Source "ChessBase"]
[SourceQuality "1"]
[TimeControl "40/5400+30:1800+30"]

1. d4 {[%emt 0:09:05]} g6 {[%emt 0:00:00]} 2. e4 {[%emt 0:00:29]} Bg7 {[%emt 0:00:00]} 3. Nf3 {[%emt 0:00:13]} d6 {[%emt 0:00:00]} 4. Be2 {[%emt 0:00:22]} Nf6 {[%emt 0:00:03]} 5. Nbd2 {[%emt 0:00:39]} a5 {[%emt 0:01:49]} 6. a4 {[%emt 0:02:44]} O-O {[%emt 0:00:06]} 7. O-O {[%emt 0:00:08]} c6 {[%emt 0:03:24]} 8. Re1 {[%emt 0:04:02]} Qc7 {[%emt 0:00:31]} 9. e5 {[%emt 0:05:37]} dxe5 {[%emt 0:00:27]} 10. Nxe5 {[%emt 0:03:28]} c5 {[%emt 0:03:50]} 11. c3 {[%emt 0:09:14]} cxd4 {[%emt 0:00:26]} 12. cxd4 {[%emt 0:00:02]} Be6 {[%emt 0:00:07]} 13. Ra3 {[%emt 0:01:18]} Nd5 {[%emt 0:05:43]} 14. Ne4 {[%emt 0:05:08]} Nc6 {[%emt 0:10:54]} 15. Ng5 {[%emt 0:07:11]} Bf5 {[%emt 0:04:28]} 16. g4 {[%emt 0:07:41]} Bc8 {[%emt 0:00:04]} 17. Ngxf7 {[%emt 0:02:48]} Rxf7 {[%emt 0:00:11]} 18. Nxf7 {[%emt 0:00:04]} Kxf7 {[%emt 0:00:07]} 19. Bc4 {[%emt 0:00:04]} e6 {[%emt 0:06:28]} 20. Bxd5 {[%emt 0:02:53]} Nxd4 {[%emt 0:03:36]} 21. Bg2 {[%emt 0:01:34]} Ra6 {[%emt 0:05:50]} 22. Rd3 {[%emt 0:06:31]} e5 {[%emt 0:06:57]} 23. Be3 {[%emt 0:03:14]} Rd6 {[%emt 0:05:34]} 24. Bxd4 {[%emt 0:06:09]} exd4 {[%emt 0:02:36]} 25. Rf3+ {[%emt 0:03:48]} Rf6 {[%emt 0:00:14]} 26. g5 {[%emt 0:00:39]} Rf5 {[%emt 0:06:08]} 27. Qb3+ {[%emt 0:00:30]} Kf8 {[%emt 0:00:04]} 28. Rxf5+ {[%emt 0:00:04]} gxf5 {[%emt 0:00:55]} 29. Bd5 {[%emt 0:01:30]} Be5 {[%emt 0:02:25]} 30. Qh3 {[%emt 0:01:13]} Qd6 {[%emt 0:09:39]} 31. Bc4 {[%emt 0:02:38]} Qc5 {[%emt 0:06:24]} 32. b3 {[%emt 0:02:51]} d3 {[%emt 0:03:26]} 33. Qh6+ {[%emt 0:01:42]} Bg7 {[%emt 0:05:33]} 34. Qxh7 {[%emt 0:00:16]} Qxc4 {[%emt 0:00:05]} 35. bxc4 {[%emt 0:00:04]} d2 {[%emt 0:00:28]} 36. Rd1 {[%emt 0:00:06]} Bc3 {[%emt 0:00:32]} 37. Rxd2 {[%emt 0:00:05]} Bxd2 {[%emt 0:00:07]} 38. g6 {[%emt 0:00:20]} Be6 {[%emt 0:00:31]} 39. g7+ {[%emt 0:00:05]} Ke8 {[%emt 0:00:09]} 40. g8=Q+ {[%emt 0:00:07]} Bxg8 {[%emt 0:00:03]} 41. Qxg8+ {[%emt 0:30:06]} Ke7 {[%emt 0:30:06]} 42. Qd5 {[%emt 0:00:08]} 1-0

[Event "Groningen Festival 2018"]
[Site "Groningen"]
[Date "2018.12.30"]
[Round "9"]
[White "Simet, Martin"]
[Black "Ulybin, Mikhail"]
[Result "*"]
[WhiteElo "2229"]
[BlackElo "2482"]
[Annotator "TA"]
[PlyCount "59"]
[EventDate "2018.12.22"]
[EventType "swiss"]
[EventCountry "NED"]
[SourceTitle "playchess.com"]
[Source "ChessBase"]
[SourceQuality "1"]

{[%evp 31,59,37,52,0,0,0,0,0,0,0,0,0,0,-33,14,0,13,12,12,12,15,10,14,-33,-35,-42,-21,-283,0,-29994]} 1. e4 e6 2. d4 d5 3. Nd2 Nf6 4. e5 Nfd7 5. Bd3 c5 6. c3 Nc6 7. Ne2 cxd4 8. cxd4 f6 9. exf6 Nxf6 10. O-O Bd6 11. Nf3 O-O 12. Bf4 Bxf4 13. Nxf4 Ng4 14. g3 g5 {C06: French Tarrasch: 3...Nf6 4 e5 Nfd7 5 Bd3 main lines} 15. Ng2 (15. Nh3 e5 16. dxe5 h6 17. Re1 Kg7 18. Bb5 Ne7 19. e6 Nf6 20. Nd4 Qb6 21. Rc1 Ne4 22. Kg2 {1-0 (73) Bocharov,I (2565)-Volkov,S (2547) Kazan 2018}) 15... Qf6 16. Be2 Nh6 {LiveBook: 24 Games. White is slightly better.} 17. h4 (17. Qd2 $14) 17... gxh4 $11 18. Ngxh4 Nf5 19. Nxf5 exf5 20. Qb3 $146 ({Predecessor:} 20. Kg2 Rf7 21. Qd2 Rg7 22. Rh1 f4 23. Rh4 Bg4 24. Rah1 fxg3 25. fxg3 Rf8 26. Qe3 h5 27. Ne5 Bxe2 28. Qxe2 Qg5 29. R1h3 {1-0 (29) Garcia,S (2144)-Godoy,L Buenos Aires 2004}) 20... f4 21. Qxd5+ Kh8 {[#] Threatens to win with ...Bh3.} 22. Qh5 Bf5 {[%mdl 1024] White must now prevent ...fxg3. Black has compensation.} 23. d5 Nb4 24. Rad1 {aiming for Rd4.} Rae8 25. Bb5 Rd8 26. Rd4 Nxd5 27. Rfd1 {Bc4 is the strong threat.} fxg3 $1 28. fxg3 Qb6 29. Ne5 $2 {[%mdl 8192] [#]} (29. a4 $11) 29... Qc7 $2 ({Inferior is} 29... Qxb5 30. Nf7+ Rxf7 31. Qxf7 $16) (29... Nf6 $1 $19 30. Qh6 Qc5) 30. Nc4 $2 {[%mdl 8192] Accuracy: White = 23%, Black = 71%.} ({Don't blunder} 30. Rxd5 $2 Qb6+ 31. Kg2 Rxd5 $19) (30. Qe2 $11) *

[Event "Groningen Festival 2018"]
[Site "Groningen"]
[Date "2018.12.30"]
[Round "9"]
[White "Hilwerda, Jonas"]
[Black "Grooten, Herman"]
[Result "1-0"]
[WhiteElo "2128"]
[BlackElo "2374"]
[Annotator "NA"]
[PlyCount "109"]
[EventDate "2018.12.22"]
[EventType "swiss"]
[EventCountry "NED"]
[SourceTitle "playchess.com"]
[Source "ChessBase"]
[SourceQuality "1"]
[TimeControl "40/5400+30:1800+30"]

1. d4 {[%emt 0:00:00]} Nf6 {[%emt 0:00:00]} 2. Bf4 {[%emt 0:00:40]} d5 {[%emt 0:00:36]} 3. e3 {[%emt 0:00:33]} Bf5 {[%emt 0:02:17]} 4. Nf3 {[%emt 0:01:27]} c5 {[%emt 0:01:02]} 5. dxc5 {[%emt 0:11:00]} Qa5+ {[%emt 0:04:13]} 6. Nbd2 {[%emt 0:01:56]} Nbd7 {[%emt 0:02:30]} 7. Nd4 {[%emt 0:10:01]} Bg4 {[%emt 0:07:11]} 8. f3 {[%emt 0:01:12]} e5 {[%emt 0:04:25]} 9. fxg4 {[%emt 0:02:36]} exf4 {[%emt 0:01:41]} 10. exf4 {[%emt 0:00:46]} O-O-O {[%emt 0:03:24]} 11. Be2 {[%emt 0:24:28]} Bxc5 {[%emt 0:11:48]} 12. c3 {[%emt 0:00:17]} Bxd4 {[%emt 0:02:41]} 13. cxd4 {[%emt 0:00:03]} Ne4 {[%emt 0:00:14]} 14. Qc2+ {[%emt 0:11:35]} Kb8 {[%emt 0:00:33]} 15. Rd1 {[%emt 0:00:10]} Rc8 {[%emt 0:09:25]} 16. Qd3 {[%emt 0:00:17]} Nxd2 {[%emt 0:00:57]} 17. Qxd2 {[%emt 0:00:45]} Qxa2 {[%emt 0:00:43]} 18. O-O {[%emt 0:00:27]} Qb3 {[%emt 0:03:28]} 19. Rf3 {[%emt 0:07:15]} Qc2 {[%emt 0:00:49]} 20. Bd3 {[%emt 0:01:51]} Qxd2 {[%emt 0:00:27]} 21. Rxd2 {[%emt 0:00:02]} Rhe8 {[%emt 0:02:39]} 22. g5 {[%emt 0:04:38]} g6 {[%emt 0:01:55]} 23. f5 {[%emt 0:04:06]} Re7 {[%emt 0:01:45]} 24. h4 {[%emt 0:03:02]} Rg8 {[%emt 0:04:53]} 25. Kf2 {[%emt 0:03:52]} Kc7 {[%emt 0:01:14]} 26. Kg3 {[%emt 0:01:24]} gxf5 {[%emt 0:13:56]} 27. Bxf5 {[%emt 0:00:50]} h6 {[%emt 0:01:51]} 28. Rc2+ {[%emt 0:03:26]} Kd6 {[%emt 0:06:27]} 29. Bxd7 {[%emt 0:00:36]} Kxd7 {[%emt 0:00:07]} 30. Rf5 {[%emt 0:00:18]} f6 {[%emt 0:03:31]} 31. Rxf6 {[%emt 0:02:24]} hxg5 {[%emt 0:00:05]} 32. h5 {[%emt 0:00:20]} Re3+ {[%emt 0:02:07]} 33. Kf2 {[%emt 0:00:55]} Re4 {[%emt 0:00:10]} 34. Rf7+ {[%emt 0:00:22]} Ke6 {[%emt 0:00:06]} 35. Rcc7 {[%emt 0:03:04]} Rxd4 {[%emt 0:02:07]} 36. Rce7+ {[%emt 0:00:01]} Kd6 {[%emt 0:00:09]} 37. Rd7+ {[%emt 0:00:01]} Kc5 {[%emt 0:00:24]} 38. Rc7+ {[%emt 0:00:02]} Kb5 {[%emt 0:01:05]} 39. Rxb7+ {[%emt 0:00:10]} Kc4 {[%emt 0:00:08]} 40. Rbc7+ {[%emt 0:02:22]} Kd3 {[%emt 0:00:44]} 41. h6 {[%emt 0:05:53]} Rg6 {[%emt 0:04:24]} 42. h7 {[%emt 0:08:58]} Rh6 {[%emt 0:00:56]} 43. g3 {[%emt 0:04:55]} Rb4 {[%emt 0:04:06]} 44. Rxa7 {[%emt 0:07:37]} Rxb2+ {[%emt 0:05:06]} 45. Kf3 {[%emt 0:00:01]} Rbh2 {[%emt 0:02:22]} 46. Kg4 {[%emt 0:01:08]} R6h3 {[%emt 0:00:53]} 47. Rfd7 {[%emt 0:02:19]} Kd4 {[%emt 0:03:29]} 48. Ra5 {[%emt 0:00:31]} Ke5 {[%emt 0:00:19]} 49. Rdxd5+ {[%emt 0:00:39]} Ke6 {[%emt 0:00:46]} 50. Re5+ {[%emt 0:01:12]} Kf6 {[%emt 0:00:33]} 51. Reb5 {[%emt 0:00:24]} Ke7 {[%emt 0:03:53]} 52. Rb6 {[%emt 0:00:37]} Kd8 {[%emt 0:00:19]} 53. Ra7 {[%emt 0:00:33]} Kc8 {[%emt 0:00:04]} 54. Rg6 {[%emt 0:00:53]} Kb8 {[%emt 0:00:31]} 55. Rf7 {[%emt 0:00:28]} 1-0